[Event "HUN-chT4 1718"]
[Site "Hungary"]
[Date "2018.04.14"]
[Round "7.18"]
[White "Zsirai, Balint"]
[Black "Zsenak, Gyorgy"]
[Result "1-0"]
[WhiteElo "1209"]
[BlackElo "1617"]
[PlyCount "33"]
[EventDate "2017.10.28"]
[EventType "team-tourn"]
[EventRounds "9"]
[EventCountry "HUN"]
[SourceTitle "EXT 2020"]
[Source "ChessBase"]
[SourceDate "2019.10.17"]
[SourceVersion "1"]
[SourceVersionDate "2019.10.17"]
[SourceQuality "1"]

1. e4 e5 2. Nf3 Nc6 3. Bb5 Nge7 4. 0-0 a6 5. Ba4 b5 6. Bb3 h6 7. Nc3 d6 8. d4 Bg4 9. h3 Bh5 10. dxe5 Nxe5 11. Nxe5 Bg6 12. Nxg6 Nxg6 13. Qf3 Ne5 14. Qg3 c6 15. Bf4 Qf6 16. Bxe5 dxe5 17. f4 1-0

[Event "HUN-chT4 1718"]
[Site "Hungary"]
[Date "2017.10.28"]
[Round "1.5"]
[White "Nagy, Tibor2222"]
[Black "Zsenak, Gyorgy"]
[Result "1-0"]
[WhiteElo "1676"]
[BlackElo "1654"]
[PlyCount "59"]
[EventDate "2017.10.28"]
[EventType "team-tourn"]
[EventRounds "9"]
[EventCountry "HUN"]
[SourceTitle "EXT 2020"]
[Source "ChessBase"]
[SourceDate "2019.10.17"]
[SourceVersion "1"]
[SourceVersionDate "2019.10.17"]
[SourceQuality "1"]

1. e4 e5 2. Nf3 Nc6 3. Bb5 Bd6 4. d3 h6 5. c3 a6 6. Ba4 Nf6 7. 0-0 0-0 8. Re1 b5 9. Bb3 Bc5 10. d4 Bd6 11. Bd5 Nxd5 12. exd5 Ne7 13. dxe5 Bc5 14. Be3 Bxe3 15. Rxe3 Bb7 16. d6 cxd6 17. exd6 Nf5 18. Re5 Qf6 19. Re1 Rfe8 20. Nbd2 Qxd6 21. Qc2 Qd5 22. Rad1 Rac8 23. Nf1 Qc5 24. b4 Qc4 25. Qxf5 Qxc3 26. Rxe8+ Rxe8 27. Rxd7 Be4 28. Qxf7+ Kh7 29. Qxe8 Bd3 30. Ne5 1-0

[Event "HUN-chT4a 1516"]
[Site "Hungary"]
[Date "2016.02.27"]
[Round "8.7"]
[White "Prokai, Robert"]
[Black "Zsenak, Gyorgy"]
[Result "1-0"]
[WhiteElo "1343"]
[BlackElo "1698"]
[PlyCount "29"]
[EventDate "2015.10.17"]
[EventType "team-tourn"]
[EventRounds "8"]
[EventCountry "HUN"]
[SourceTitle "EXT 2019"]
[Source "ChessBase"]
[SourceDate "2018.10.10"]
[SourceVersion "1"]
[SourceVersionDate "2018.10.10"]
[SourceQuality "1"]

1. e4 e5 2. f4 exf4 3. Nf3 Nc6 4. Bc4 Bc5 5. d4 Bb6 6. Bxf4 h6 7. 0-0 d6 8. Be3 Bg4 9. Bxf7+ Ke7 10. Nc3 Be6 11. Bxe6 Kxe6 12. d5+ Kd7 13. Bxb6 cxb6 14. dxc6+ bxc6 15. Ne5+ 1-0

[Event "HUN-chT4a 1516"]
[Site "Hungary"]
[Date "2016.02.27"]
[Round "7.9"]
[White "Zsenak, Gyorgy"]
[Black "Szabo, Richard"]
[Result "1-0"]
[WhiteElo "1698"]
[BlackElo "1463"]
[PlyCount "77"]
[EventDate "2015.10.17"]
[EventType "team-tourn"]
[EventRounds "8"]
[EventCountry "HUN"]
[SourceTitle "EXT 2019"]
[Source "ChessBase"]
[SourceDate "2018.10.10"]
[SourceVersion "1"]
[SourceVersionDate "2018.10.10"]
[SourceQuality "1"]

1. e4 d6 2. h3 Nc6 3. Nf3 e5 4. Nc3 Nf6 5. Bb5 Bd7 6. d3 Be7 7. Bg5 Be6 8. d4 Bd7 9. dxe5 Nxe5 10. Nxe5 Bxb5 11. Nxf7 Kxf7 12. Nxb5 c6 13. Bxf6 Qa5+ 14. Bc3 Qxb5 15. Qf3+ Bf6 16. 0-0-0 Rhd8 17. Rd3 Qg5+ 18. Kb1 Kg8 19. Bxf6 gxf6 20. Rhd1 Qe5 21. a3 Kf7 22. Qe3 d5 23. c4 Re8 24. cxd5 cxd5 25. exd5 Qf5 26. Qf3 Re5 27. Ka1 Rd8 28. d6 Qd7 29. Qf4 Qb5 30. Rf3 Rxd6 31. Rxd6 Re1+ 32. Ka2 Re6 33. Rxe6 Qd5+ 34. Rb3 Kxe6 35. Qf3 b6 36. Qxd5+ Kxd5 37. Rg3 h5 38. Rg7 a5 39. Ra7 1-0

[Event "HUN-chT4a 1516"]
[Site "Hungary"]
[Date "2016.02.06"]
[Round "6.9"]
[White "Szanto, Tamas"]
[Black "Zsenak, Gyorgy"]
[Result "1/2-1/2"]
[WhiteElo "1269"]
[BlackElo "1698"]
[PlyCount "56"]
[EventDate "2015.10.17"]
[EventType "team-tourn"]
[EventRounds "8"]
[EventCountry "HUN"]
[SourceTitle "EXT 2019"]
[Source "ChessBase"]
[SourceDate "2018.10.10"]
[SourceVersion "1"]
[SourceVersionDate "2018.10.10"]
[SourceQuality "1"]

1. e4 e5 2. Nf3 Nc6 3. Bc4 h6 4. a3 Nf6 5. d3 a6 6. h3 Bc5 7. 0-0 d6 8. Nc3 0-0 9. Nd5 Be6 10. Nxf6+ Qxf6 11. Bxe6 Qxe6 12. c3 Bb6 13. Re1 Qf6 14. Be3 Bxe3 15. Rxe3 Rad8 16. Rb1 Rfe8 17. b4 d5 18. Qc2 Rd6 19. b5 axb5 20. Rxb5 dxe4 21. dxe4 b6 22. Rd3 Red8 23. Rxd6 Rxd6 24. Rd5 Na5 25. Rxe5 Nc4 26. Re8+ Kh7 27. e5+ Qg6 28. Qxg6+ Rxg6 1/2-1/2

[Event "HUN-chT4b 1415"]
[Site "Hungary"]
[Date "2015.04.25"]
[Round "8.4"]
[White "Zsenak, Gyorgy"]
[Black "Pesti, Mate"]
[Result "1/2-1/2"]
[WhiteElo "1744"]
[BlackElo "1602"]
[PlyCount "36"]
[EventDate "2014.10.04"]
[EventType "team-tourn"]
[EventRounds "7"]
[EventCountry "HUN"]
[SourceTitle "EXT 2016"]
[Source "ChessBase"]
[SourceDate "2015.10.08"]
[SourceVersion "1"]
[SourceVersionDate "2015.10.08"]
[SourceQuality "1"]

1. e4 c5 2. Nf3 Nc6 3. Nc3 g6 4. Bc4 Bg7 5. 0-0 Nf6 6. d3 0-0 7. h3 a6 8. a3 Qc7 9. Be3 d6 10. Qd2 Rd8 11. Ng5 Rf8 12. Rab1 b5 13. Ba2 Bb7 14. Nf3 Rfd8 15. Bh6 Ne5 16. Nxe5 dxe5 17. Bxg7 Kxg7 18. Qe3 Rac8 1/2-1/2

[Event "HUN-chT4b 1415"]
[Site "Hungary"]
[Date "2015.02.14"]
[Round "5.4"]
[White "Horvath, Zoltan1111"]
[Black "Zsenak, Gyorgy"]
[Result "1-0"]
[WhiteElo "2304"]
[BlackElo "1744"]
[PlyCount "39"]
[EventDate "2014.10.04"]
[EventType "team-tourn"]
[EventRounds "7"]
[EventCountry "HUN"]
[SourceTitle "EXT 2016"]
[Source "ChessBase"]
[SourceDate "2015.10.08"]
[SourceVersion "1"]
[SourceVersionDate "2015.10.08"]
[SourceQuality "1"]

1. e4 e5 2. Nc3 Nf6 3. Bc4 Nc6 4. Nf3 h6 5. d4 exd4 6. Nxd4 Ne5 7. Bb3 Bb4 8. Bd2 d6 9. Qe2 Bc5 10. Be3 0-0 11. 0-0 a6 12. Rad1 Nfg4 13. Bf4 Nf6 14. Bxe5 dxe5 15. Ne6 Qe7 16. Nxf8 Bg4 17. Ng6 Bxe2 18. Nxe7+ Bxe7 19. Nxe2 Nxe4 20. Rd7 1-0

[Event "HUN-chT4b 1415"]
[Site "Hungary"]
[Date "2014.11.08"]
[Round "4.3"]
[White "Zsenak, Gyorgy"]
[Black "Balogh, Akos"]
[Result "1-0"]
[WhiteElo "1744"]
[BlackElo "1614"]
[PlyCount "77"]
[EventDate "2014.10.04"]
[EventType "team-tourn"]
[EventRounds "7"]
[EventCountry "HUN"]
[SourceTitle "EXT 2016"]
[Source "ChessBase"]
[SourceDate "2015.10.08"]
[SourceVersion "1"]
[SourceVersionDate "2015.10.08"]
[SourceQuality "1"]

1. e4 g6 2. Nf3 Bg7 3. Bc4 Nc6 4. d4 d6 5. Ng5 Nh6 6. Nf3 0-0 7. h3 a6 8. 0-0 Rb8 9. Be3 Na5 10. Bd3 c5 11. Qd2 Ng4 12. hxg4 Bxg4 13. Be2 Bxf3 14. Bxf3 Qb6 15. b3 cxd4 16. Bh6 Nc6 17. Bxg7 Kxg7 18. Na3 h5 19. Rad1 Qc5 20. Nc4 e5 21. c3 b5 22. cxd4 Nxd4 23. Ne3 Nxf3+ 24. gxf3 Rbd8 25. Nd5 f5 26. Qg5 Rd7 27. Ne7 Rf6 28. Nxf5+ Kf7 29. Nh6+ Kg7 30. Nf5+ Kf7 31. Nh4 Qc2 32. Rd2 Qc3 33. Kg2 Ke6 34. Rfd1 Kf7 35. Rd3 Qc5 36. Rc1 Qb4 37. Rdc3 Ke6 38. Rc8 Rdf7 39. R1c7 1-0

[Event "HUN-chT4b 1415"]
[Site "Hungary"]
[Date "2014.10.04"]
[Round "2.5"]
[White "Zsenak, Gyorgy"]
[Black "Prokai, Robert"]
[Result "1-0"]
[WhiteElo "1744"]
[BlackElo "1312"]
[PlyCount "77"]
[EventDate "2014.10.04"]
[EventType "team-tourn"]
[EventRounds "7"]
[EventCountry "HUN"]
[SourceTitle "EXT 2016"]
[Source "ChessBase"]
[SourceDate "2015.10.08"]
[SourceVersion "1"]
[SourceVersionDate "2015.10.08"]
[SourceQuality "1"]

1. e4 e5 2. Nf3 Nc6 3. Bb5 Bc5 4. Bxc6 bxc6 5. Nxe5 Bxf2+ 6. Kxf2 Qh4+ 7. g3 Qe7 8. Nf3 Nf6 9. d3 0-0 10. Bg5 d6 11. Re1 Bh3 12. Nc3 Ng4+ 13. Ke2 f6 14. Be3 h6 15. Kd2 d5 16. a3 Qd6 17. Qe2 g5 18. Ng1 Nxe3 19. Nxh3 d4 20. Nd1 Rab8 21. Rb1 Qc5 22. Nxe3 dxe3+ 23. Qxe3 Qa5+ 24. c3 Rb3 25. Qd4 Rb6 26. Nf2 c5 27. Qd5+ Kg7 28. Ng4 Rd6 29. Qf5 Rfd8 30. Re3 Qa6 31. e5 fxe5 32. Qxe5+ Kg6 33. Qe4+ Kg7 34. Rf1 R8d7 35. Ne5 Re6 36. Ref3 Rde7 37. Rf7+ Rxf7 38. Rxf7+ Kh8 39. Qh7# 1-0